Vijf, jaar hakenkruis over Nederland. (Record no. 3862)

MARC details
000 -LEADER
fixed length control field 00921cam a22002651 4500
001 - CONTROL NUMBER
control field af 47007156
003 - CONTROL NUMBER IDENTIFIER
control field DLC
005 - DATE AND TIME OF LATEST TRANSACTION
control field 20260227110841.0
008 - FIXED-LENGTH DATA ELEMENTS--GENERAL INFORMATION
fixed length control field 900531s1944 ne f 000 0 dut c
010 ## - LIBRARY OF CONGRESS CONTROL NUMBER
LC control number af 47007156
035 ## - SYSTEM CONTROL NUMBER
System control number (OCoLC)21652917
040 ## - CATALOGING SOURCE
Original cataloging agency Hoover Library, Stanford Univ.
Transcribing agency CSt-H
Modifying agency DLC
042 ## - AUTHENTICATION CODE
Authentication code premarc
050 00 - LIBRARY OF CONGRESS CALL NUMBER
Classification number D745.7.D8
Item number R6
100 1# - MAIN ENTRY--PERSONAL NAME
Personal name Rot, Jan.
245 10 - TITLE STATEMENT
Title Vijf, jaar hakenkruis over Nederland.
260 ## - PUBLICATION, DISTRIBUTION, ETC.
Place of publication, distribution, etc. [Amsterdam]
Name of publisher, distributor, etc. "Paraat,"
Date of publication, distribution, etc. 1944/1945.
300 ## - PHYSICAL DESCRIPTION
Extent [2] l., 49 plates, [11] p.
Dimensions 20 cm.
500 ## - GENERAL NOTE
General note "Tekeningen van Jan Rot ... Het woord ter inleiding en de verklarende bijschriften zijn van H. van de Weg."
500 ## - GENERAL NOTE
General note "De tekeningen ... verschenen voor het merendeel in het illegale blad 'Paraat.'"
650 #0 - SUBJECT ADDED ENTRY--TOPICAL TERM
Topical term or geographic name entry element World War, 1939-1945
Form subdivision Humor
651 #0 - SUBJECT ADDED ENTRY--GEOGRAPHIC NAME
Geographic name Netherlands
General subdivision History
Chronological subdivision German occupation, 1940-1945.
700 1# - ADDED ENTRY--PERSONAL NAME
Personal name Weg, H. van de.
730 0# - ADDED ENTRY--UNIFORM TITLE
Uniform title Paraat.

No items available.

Powered by Koha